<?xml version="1.0" encoding="UTF-8"?>
<collection xmlns="http://www.loc.gov/MARC21/slim">
<record>
  <controlfield tag="001">114020</controlfield>
  <controlfield tag="005">20220606143322.0</controlfield>
  <datafield tag="037" ind1=" " ind2=" ">
    <subfield code="a">GDOC-2021-27316</subfield>
  </datafield>
  <datafield tag="970" ind1=" " ind2=" ">
    <subfield code="a">GDOC-2021-27316</subfield>
  </datafield>
  <datafield tag="041" ind1=" " ind2=" ">
    <subfield code="a">spa</subfield>
  </datafield>
  <datafield tag="041" ind1=" " ind2=" ">
    <subfield code="a">eng</subfield>
  </datafield>
  <datafield tag="540" ind1=" " ind2=" ">
    <subfield code="a">by-nc-sa</subfield>
    <subfield code="b">Creative Commons</subfield>
    <subfield code="c">3.0</subfield>
    <subfield code="u">http://creativecommons.org/licenses/by-nc-sa/3.0/</subfield>
  </datafield>
  <datafield tag="260" ind1=" " ind2=" ">
    <subfield code="a">Zaragoza</subfield>
    <subfield code="b">Universidad de Zaragoza</subfield>
    <subfield code="c">2021-2022</subfield>
  </datafield>
  <datafield tag="245" ind1="0" ind2="0">
    <subfield code="9">27316</subfield>
    <subfield code="a">Economía española</subfield>
  </datafield>
  <datafield tag="242" ind1="0" ind2="0">
    <subfield code="9">27316</subfield>
    <subfield code="a">Spanish Economy</subfield>
  </datafield>
  <datafield tag="100" ind1=" " ind2=" ">
    <subfield code="0">(orcid)0000-0002-8996-1750</subfield>
    <subfield code="a">Eduardo Martín Bandrés, Moliné</subfield>
    <subfield code="1">386246</subfield>
  </datafield>
  <datafield tag="700" ind1=" " ind2=" ">
    <subfield code="0">(orcid)0000-0002-0661-0278</subfield>
    <subfield code="a">Ana Belén Gracia, Andía</subfield>
    <subfield code="1">328085</subfield>
  </datafield>
  <datafield tag="700" ind1=" " ind2=" ">
    <subfield code="0">(orcid)0000-0001-6796-7417</subfield>
    <subfield code="a">Melania Mur, Sangra</subfield>
    <subfield code="1">129137</subfield>
  </datafield>
  <datafield tag="700" ind1=" " ind2=" ">
    <subfield code="0">(orcid)0000-0001-6520-4272</subfield>
    <subfield code="a">Eva María Pardos, Martínez</subfield>
    <subfield code="1">123614</subfield>
  </datafield>
  <datafield tag="700" ind1=" " ind2=" ">
    <subfield code="0">(orcid)0000-0002-4336-5662</subfield>
    <subfield code="a">Claudia María Pérez, Forniés</subfield>
    <subfield code="1">142085</subfield>
  </datafield>
  <datafield tag="700" ind1=" " ind2=" ">
    <subfield code="0">(orcid)0000-0003-1173-7342</subfield>
    <subfield code="a">Javier Puche, Gil</subfield>
    <subfield code="1">662765</subfield>
  </datafield>
  <datafield tag="700" ind1=" " ind2=" ">
    <subfield code="0">(orcid)0000-0001-6811-1020</subfield>
    <subfield code="a">María Blanca Simón, Fernández</subfield>
    <subfield code="1">150567</subfield>
  </datafield>
  <datafield tag="700" ind1=" " ind2=" ">
    <subfield code="0">(orcid)0000-0002-2188-2271</subfield>
    <subfield code="a">María Ángeles Soriano, Paola</subfield>
    <subfield code="1">384350</subfield>
  </datafield>
  <datafield tag="830" ind1=" " ind2=" ">
    <subfield code="9">448</subfield>
  </datafield>
  <datafield tag="830" ind1=" " ind2=" ">
    <subfield code="9">458</subfield>
  </datafield>
  <datafield tag="830" ind1=" " ind2=" ">
    <subfield code="9">454</subfield>
  </datafield>
  <datafield tag="856" ind1="4" ind2=" ">
    <subfield code="s">20189</subfield>
    <subfield code="u">http://zaguan.unizar.es/record/114020/files/guia-27316-en.pdf</subfield>
    <subfield code="y">Guide (english)</subfield>
  </datafield>
  <datafield tag="856" ind1="4" ind2=" ">
    <subfield code="s">22780</subfield>
    <subfield code="u">http://zaguan.unizar.es/record/114020/files/guia-27316-es.pdf</subfield>
    <subfield code="y">Guía (idioma español)</subfield>
  </datafield>
  <datafield tag="521" ind1=" " ind2=" ">
    <subfield code="9">131</subfield>
    <subfield code="a">Graduado en Administración y Dirección de Empresas</subfield>
    <subfield code="b">Degree in Business Administration and Management</subfield>
  </datafield>
  <datafield tag="980" ind1=" " ind2=" ">
    <subfield code="a">GDOC</subfield>
    <subfield code="b">Ciencias Sociales y Jurídicas</subfield>
    <subfield code="b">Social Sciences and Law</subfield>
    <subfield code="c">228</subfield>
    <subfield code="c">109</subfield>
    <subfield code="c">301</subfield>
  </datafield>
</record>
</collection>